Cười cái sự đời Suy ngẫm về con người và cuộc đời

Đã lưu trong:
Sonraí Bibleagrafaíochta
Príomhúdar: Thanh Thủy
Formáid: Leabhar
Teanga:Undetermined
Foilsithe: Hà Nội Thanh niên 2000
Ábhair:
Clibeanna: Cuir Clib Leis
Gan Chlibeanna, Bí ar an gcéad duine leis an taifead seo a chlibeáil!
Thư viện lưu trữ: Trung tâm Học liệu Trường Đại học Cần Thơ
LEADER 00519nam a2200181Ia 4500
001 CTU_39909
008 210402s9999 xx 000 0 und d
082 |a 808.7 
082 |b Th107 
100 |a Thanh Thủy 
245 0 |a Cười cái sự đời 
245 0 |b Suy ngẫm về con người và cuộc đời 
245 0 |c Thanh Thủy 
260 |a Hà Nội 
260 |b Thanh niên 
260 |c 2000 
650 |a wit and humor 
980 |a Trung tâm Học liệu Trường Đại học Cần Thơ